10 joueurs les plus utilisés par Pep Guardiola - saison 2022/2023 - Statistiques

Statistiques générales
  • Ce quiz a été pris 152 fois
  • Le résultat moyen est 8 sur 10
Statistiques - réponses
Classement Nom du joueur Nombre d'apparition % Correct
3 Erling Haaland 53
96%
6 Kevin De Bruyne 49
93%
10 Phil Foden 48
93%
1 Rodri 56
92%
2 Bernardo Silva 55
88%
8 Ederson 48
88%
5 Jack Grealish 50
78%
4 İlkay Gündoğan 51
69%
9 Manuel Akanji 48
65%
7 Julián Álvarez 49
49%
Aucun quiz correspondant
Distribution des résultats
% des personnes avec chaque résultat
Percentile par nombre de réponses
Votre historique - résultats
Vous n’avez pas pris ce quiz